000 00708nam a2200241Ia 4500
005 20260430150248.0
008 008 250103s9999 xx 000 0 eng d
037 _aTheses
040 _aCRL
040 _beng
040 _ceng
041 _2eng
041 _aeng
084 _qCRL
100 _aChongtham Jonita Au.; Srivastava Tapasya Gu.
_91236968
245 0 _aInvestigating the role of protein cornichon homolog 1 (CNIHI) in the hypoxic microenvironment of solid tumours
260 _c2022
300 _a209p.
650 _aGenetics
700 _aUniversity of Delhi. Faculty of Interdisciplinary & Applied Sciences. Department of Genetics
942 _cTH
999 _c1849359
_d1849359